[Event "BERLIN CUP 2011"]
[Site "SchemingMind.com"]
[Date "2011.03.29"]
[Round "-"]
[White "Olli Ylönen"]
[Black "DI DARIO"]
[Result "0-1"]
[WhiteCountry "FIN"]
[BlackCountry "INT"]
[WhiteElo "1607"]
[WhiteRD "51"]
[BlackElo "1649"]
[BlackRD "48"]
[GameID "279427"]

1. e4 e5 2. Nf3 Nf6 3. Nxe5 d6 4. Nf3 Nxe4 5. d4 d5 6. Bd3 Nd7 7. O-O Bd6 8. Re1 Nf6 9. Bg5 O-O 10. Bxe4 dxe4
11. Bxf6 Qxf6 12. Rxe4 Qg6 13. Nh4 Qxe4
0-1

[Event "BERLIN CUP 2011"]
[Site "SchemingMind.com"]
[Date "2011.03.29"]
[Round "-"]
[White "DI DARIO"]
[Black "Olli Ylönen"]
[Result "0-1"]
[WhiteCountry "INT"]
[BlackCountry "FIN"]
[WhiteElo "1632"]
[WhiteRD "55"]
[BlackElo "1642"]
[BlackRD "51"]
[GameID "279428"]

1. Nf3 Nf6 2. g3 g6 3. Bg2 Bg7 4. O-O O-O 5. c4 d6 6. d4 Nc6 7. Nc3 a6 8. b4 Nxb4 9. d5 c6 10. a3 Nbxd5
11. cxd5 Nxd5 12. Nxd5 Bxa1 13. Bh6 Bg7 14. Bxg7 Kxg7 15. Ne3 e5 16. Nc4 d5 17. Ncxe5 Qd6 18. Qd4 Kg8 19. h4 Qxa3 20. Kh2 Qd6
21. Bh3 Bxh3 22. Kxh3 f6 23. Ng4 Qe6 24. e3 h5 25. Nh2 hxg4+ 26. Kg2 Qe4+ 27. Qxe4 dxe4 28. Nxg4 f5 29. Ne5 Kg7 30. Rb1 Ra7
31. Nd7 Rd8 32. Nc5 Rd5 33. Ne6+ Kf7 34. Nf4 Rb5 35. Rd1 b6 36. Ne2 Rd5 37. Rb1 b5 38. Nd4 Rxd4 39. exd4 a5 40. Rc1 a4
41. Rxc6 a3 42. Rc1 a2 43. Ra1 b4 44. d5 b3
0-1

[Event "BERLIN CUP 2011"]
[Site "SchemingMind.com"]
[Date "2011.04.06"]
[Round "-"]
[White "emvarela"]
[Black "Olli Ylönen"]
[Result "0-1"]
[WhiteCountry "ARG"]
[BlackCountry "FIN"]
[WhiteElo "1827"]
[WhiteRD "52"]
[BlackElo "1669"]
[BlackRD "50"]
[GameID "279644"]

1. e4 c5 2. Nf3 d6 3. d4 cxd4 4. Nxd4 Nf6 5. Nc3 a6 6. Be3 e5 7. Nb3 Be6 8. Qd2 Nbd7 9. f3 b5 10. O-O-O Be7
11. g4 h6 12. Nd5 Bxd5 13. exd5 Nb6 14. Bd3 Nbxd5 15. Be4 Nxe4 16. fxe4 Nxe3 17. Qxe3 Bg5
0-1

[Event "BERLIN CUP 2011"]
[Site "SchemingMind.com"]
[Date "2011.04.06"]
[Round "-"]
[White "Olli Ylönen"]
[Black "emvarela"]
[Result "1-0"]
[WhiteCountry "FIN"]
[BlackCountry "ARG"]
[WhiteElo "1734"]
[WhiteRD "51"]
[BlackElo "1728"]
[BlackRD "46"]
[GameID "279646"]

1. d4 Nf6 2. Nf3 e6 3. c4 c5 4. d5 b5 5. dxe6 fxe6 6. cxb5 Bb7 7. g3 Be7 8. Bg2 d5 9. O-O Nbd7 10. Nc3 O-O
11. e3 Qc7 12. Bd2 a6 13. a4 axb5 14. Nxb5 Qb6 15. Nc3 c4 16. Re1 Nc5 17. a5 Qb3 18. Qxb3 Nxb3 19. Ne2 Nxa1 20. Rxa1 Ne4
21. Bc3 Nxc3 22. Nxc3 Bb4 23. Nd4 Rxa5 24. Rxa5 Bxa5 25. Nxe6 Bxc3 26. Nxf8 Kxf8 27. bxc3 Ke7 28. Kf1 Kd6 29. Ke2 g5 30. Bh3 h5
31. g4 Bc8 32. f3 h4 33. f4 gxf4 34. exf4 Be6 35. Ke3 Bf7 36. Kd4 Ke6 37. g5+ Kd6 38. f5 Ke7 39. Bg2 Kd6 40. g6
1-0

[Event "BERLIN CUP 2011"]
[Site "SchemingMind.com"]
[Date "2011.04.06"]
[Round "-"]
[White "dsplit"]
[Black "emvarela"]
[Result "1-0"]
[WhiteCountry "NED"]
[BlackCountry "ARG"]
[WhiteElo "1775"]
[WhiteRD "64"]
[BlackElo "1785"]
[BlackRD "50"]
[GameID "279662"]

1. d4 Nf6 2. c4 e6 3. Nf3 c5 4. g3 cxd4 5. Nxd4 d5 6. Bg2 e5 7. Nf3 d4 8. O-O Nc6 9. a3 Be6 10. b3 Be7
11. Bb2 Qb6 12. Qc2 O-O 13. Nbd2 a5 14. Ng5 h6 15. Nxe6 fxe6 16. Rab1 Bc5 17. Ne4 Nxe4 18. Bxe4 Rf7 19. Qd3 Ne7 20. Kg2 Nf5
21. Bc1 g6 22. g4 Nh4+ 23. Kg3 g5 24. a4 Raf8 25. f3 Bb4 26. Bd2 h5 27. Bxg5 hxg4 28. Bxh4 gxf3 29. exf3 Rg7+ 30. Kf2 Bc5
31. Rg1 Rf7 32. Rxg7+ Kxg7 33. Rg1+ Kf8 34. Bg6 Rf4 35. Bg3
1-0

[Event "BERLIN CUP 2011"]
[Site "SchemingMind.com"]
[Date "2011.04.06"]
[Round "-"]
[White "dsplit"]
[Black "Olli Ylönen"]
[Result "1-0"]
[WhiteCountry "NED"]
[BlackCountry "FIN"]
[WhiteElo "1787"]
[WhiteRD "68"]
[BlackElo "1669"]
[BlackRD "50"]
[GameID "279663"]

1. d4 Nf6 2. c4 e6 3. Nf3 b6 4. g3 Bb7 5. Bg2 Be7 6. O-O O-O 7. Nc3 Ne4 8. Qc2 Nxc3 9. Qxc3 c5 10. e3 d6
11. b3 Nd7 12. Bb2 Nf6 13. dxc5 bxc5 14. Ng5 Bxg2 15. Kxg2 Qb6 16. Nf3 Rfb8 17. g4 Bf8 18. h3 Ne4 19. Qc2 a5 20. Nd2 Nxd2
21. Qxd2 a4 22. Bc3 axb3 23. Rfb1 Qc6+ 24. f3 bxa2 25. Rxb8 Rxb8 26. Rxa2 Ra8 27. Rxa8 Qxa8 28. Qe2 d5 29. cxd5 exd5 30. Qd2 h6
31. Qb2 c4 32. Qd2 g6 33. Qd4 f6 34. Qxf6 Qa7 35. Qh8+
1-0

[Event "BERLIN CUP 2011"]
[Site "SchemingMind.com"]
[Date "2011.04.01"]
[Round "-"]
[White "dsplit"]
[Black "DI DARIO"]
[Result "1-0"]
[WhiteCountry "NED"]
[BlackCountry "INT"]
[WhiteElo "1775"]
[WhiteRD "64"]
[BlackElo "1482"]
[BlackRD "58"]
[GameID "279664"]

1. d4 c6 2. c4 d5 3. Nf3 Bg4 4. Ne5 h5 5. Nxg4 hxg4 6. c5 b6 7. cxb6 axb6 8. e3 Qd7 9. g3 Nf6 10. Nc3 b5
11. Bg2 e6 12. Bd2 Bb4 13. a3 Ba5 14. b4 Bb6 15. Ke2 O-O 16. Qc2 Na6 17. h3 Rae8 18. hxg4 g6 19. g5 Nh7 20. f4 Kg7
21. Nd1 Rh8 22. Nf2 f5 23. Bf3 Rc8 24. Nd3 Qe7 25. Ne5 Nxg5 26. Rxh8 Rxh8 27. Qxc6 Rh2+ 28. Kd3 Ne4 29. Bxe4 fxe4+ 30. Kc3 Qc7
31. Rg1 Nb8 32. Qxc7+ Bxc7 33. Ng4 Rh8 34. Rg2 Nd7 35. Kb3 Nb6 36. Nf2 Ra8 37. Bc1 Nc4 38. Nd1 Kf6 39. Nc3 Nd6 40. a4 bxa4+
41. Nxa4
1-0

[Event "BERLIN CUP 2011"]
[Site "SchemingMind.com"]
[Date "2011.04.06"]
[Round "-"]
[White "emvarela"]
[Black "dsplit"]
[Result "1/2-1/2"]
[WhiteCountry "ARG"]
[BlackCountry "NED"]
[WhiteElo "1827"]
[WhiteRD "52"]
[BlackElo "1787"]
[BlackRD "68"]
[GameID "279665"]

1. e4 e5 2. Nf3 Nf6 3. d4 Nxe4 4. Bd3 d5 5. Nxe5 Nd7 6. Nxd7 Bxd7 7. O-O Bd6 8. c4 c6 9. Nc3 O-O 10. cxd5 Nxc3
11. bxc3 cxd5 12. Qc2 g6 13. Re1 Bc6 14. g3 Qd7 15. Be3 Rfe8 16. Re2 Qh3 17. f4 Qd7 18. Rae1 Bb5 19. Bxb5 Qxb5 20. Kf2 Rac8=
1/2-1/2

[Event "BERLIN CUP 2011"]
[Site "SchemingMind.com"]
[Date "2011.04.06"]
[Round "-"]
[White "Olli Ylönen"]
[Black "dsplit"]
[Result "1-0"]
[WhiteCountry "FIN"]
[BlackCountry "NED"]
[WhiteElo "1642"]
[WhiteRD "51"]
[BlackElo "1793"]
[BlackRD "67"]
[GameID "279666"]

1. e4 e5 2. Nf3 Nf6 3. Nxe5 d6 4. Nf3 Nxe4 5. d4 d5 6. Bd3 Bd6 7. O-O O-O 8. c4 c6 9. cxd5 cxd5 10. Nc3 Nxc3
11. bxc3 Bg4 12. Rb1 b6 13. Rb5 Bc7 14. h3 Bh5 15. c4 Qc8 16. Rxd5 Rd8 17. Rxh5
1-0

[Event "BERLIN CUP 2011"]
[Site "SchemingMind.com"]
[Date "2011.04.01"]
[Round "-"]
[White "DI DARIO"]
[Black "dsplit"]
[Result "0-1"]
[WhiteCountry "INT"]
[BlackCountry "NED"]
[WhiteElo "1482"]
[WhiteRD "58"]
[BlackElo "1775"]
[BlackRD "64"]
[GameID "279667"]

1. Nf3 Nf6 2. g3 d5 3. e3 e6 4. Nc3 c5 5. Bb5+ Bd7 6. Ne5 Bxb5 7. Nxb5 a6 8. Na3 Nbd7 9. d4 Nxe5 10. dxe5 Nd7
11. f4 b5 12. c3 Be7 13. O-O O-O 14. Nc2 f6 15. exf6 Nxf6 16. Ne1 Ne4 17. Nf3 Bf6 18. Nd2 Nd6 19. Qg4 Qe7 20. Re1 Qf7
21. e4 dxe4 22. Nxe4 Nxe4 23. Rxe4 e5 24. fxe5 Bxe5 25. Bh6 Qf2+ 26. Kh1 Qf6 27. Bf4 Bxf4 28. Rxf4 Qc6+ 29. Kg1 Rxf4 30. gxf4 c4
31. Re1 Qg6 32. Qxg6 hxg6 33. Re6 Kf7 34. Rd6 Ra7 35. Rb6 Ra8 36. Kf1 Ra7 37. b3 cxb3
0-1

[Event "BERLIN CUP 2011"]
[Site "SchemingMind.com"]
[Date "2011.04.02"]
[Round "-"]
[White "mmccaffe"]
[Black "dsplit"]
[Result "1/2-1/2"]
[WhiteCountry "USA"]
[BlackCountry "NED"]
[WhiteElo "1771"]
[WhiteRD "52"]
[BlackElo "1775"]
[BlackRD "64"]
[GameID "279708"]

1. e4 c5 2. Nf3 d6 3. d4 cxd4 4. Nxd4 Nf6 5. Nc3 e6 6. Be3 Nc6 7. f3 Be7 8. Qd2 Nxd4 9. Bxd4 e5 10. Be3 O-O
11. Bc4 Be6 12. Bb3 Bxb3 13. cxb3 Qd7 14. O-O Rfc8 15. Rfc1 Bd8 16. Nd5 Nxd5 17. Qxd5 b6 18. f4 Qe6 19. Qxe6 fxe6 20. fxe5 dxe5
21. Bf2 Bg5 22. Rc4 Rxc4 23. bxc4 Rd8 24. Bg3 Bf6 25. Kf1 Rd4 26. b3 Kf7 27. Re1 Ke7 28. Bf2 Rd7 29. Re2 Rd1+=
1/2-1/2

[Event "BERLIN CUP 2011"]
[Site "SchemingMind.com"]
[Date "2011.04.06"]
[Round "-"]
[White "mmccaffe"]
[Black "emvarela"]
[Result "0-1"]
[WhiteCountry "USA"]
[BlackCountry "ARG"]
[WhiteElo "1668"]
[WhiteRD "48"]
[BlackElo "1728"]
[BlackRD "46"]
[GameID "279709"]

1. e4 e5 2. f4 Nf6 3. Nc3 d5 4. exd5 e4 5. d4 Bb4 6. Bd2 Bxc3 7. bxc3 Qxd5 8. Ne2 Bg4 9. h3 Bxe2 10. Bxe2 Nc6
11. Be3 O-O-O 12. O-O g6 13. c4 Qa5 14. d5 Rd6 15. Qb1 Ne7 16. Bd4 c5 17. Be5 Rb6 18. Qd1 Rd8 19. g4 Nd7 20. Qe1 Qa3
21. Qh4 f6 22. Qxh7 Qe3+ 23. Rf2 fxe5 24. Qxe7 Qg3+ 25. Rg2 Qxh3 26. Rh2 Qe3+ 27. Kh1 exf4 28. d6 Rb2 29. Rd1 Rxc2 30. Qxd8+ Kxd8
31. Rh8+ Nf8 32. d7 Rd2
0-1

[Event "BERLIN CUP 2011"]
[Site "SchemingMind.com"]
[Date "2011.04.06"]
[Round "-"]
[White "mmccaffe"]
[Black "Olli Ylönen"]
[Result "1/2-1/2"]
[WhiteCountry "USA"]
[BlackCountry "FIN"]
[WhiteElo "1800"]
[WhiteRD "54"]
[BlackElo "1692"]
[BlackRD "51"]
[GameID "279710"]

1. e4 c5 2. Nf3 d6 3. d4 cxd4 4. Nxd4 Nf6 5. Nc3 a6 6. Be3 e5 7. Nb3 Be7 8. Qd2 Ng4 9. Bc4 Nxe3 10. fxe3 O-O
11. O-O Nd7 12. Qf2 Nf6 13. Nd5 Nxe4 14. Nxe7+ Qxe7 15. Qf3 Ng5 16. Qe2 b5 17. Bd5 Rb8 18. Rf2 Be6 19. Bxe6 Qxe6 20. Rd1 Ne4
21. Rf3 d5 22. Nd2 Nxd2 23. Qxd2 d4 24. exd4 exd4 25. Qxd4 Qxa2 26. Ra3 Qe6 27. Qd6 Qxd6=
1/2-1/2

[Event "BERLIN CUP 2011"]
[Site "SchemingMind.com"]
[Date "2011.04.01"]
[Round "-"]
[White "mmccaffe"]
[Black "DI DARIO"]
[Result "1-0"]
[WhiteCountry "USA"]
[BlackCountry "INT"]
[WhiteElo "1803"]
[WhiteRD "58"]
[BlackElo "1649"]
[BlackRD "48"]
[GameID "279711"]

1. e4 e5 2. Nf3 Nf6 3. Nxe5 d6 4. Nf3 Nxe4 5. d4 d5 6. Bd3 Bg4 7. h3 Bh5 8. Qe2 Bg6 9. Nc3 Bb4 10. Bd2 O-O
11. Bxe4 Bxc3 12. Bxc3 dxe4 13. Ne5 f6 14. Nxg6 hxg6 15. Qg4 Re8 16. Qxg6 e3 17. fxe3 Rxe3+ 18. Kd2 Re7 19. Rhe1 Nc6 20. Rxe7 Nxe7
21. Qe4 c6 22. Re1 Nd5 23. Qe6+ Kf8 24. Re4 Nxc3 25. bxc3 Qe8 26. Qxe8+ Rxe8 27. Ke3 Rxe4+ 28. Kxe4 Kf7 29. c4 Ke6 30. g4 g6
31. h4 b6 32. h5 g5 33. h6 Kf7 34. Kf5 a6 35. d5
1-0

[Event "BERLIN CUP 2011"]
[Site "SchemingMind.com"]
[Date "2011.04.02"]
[Round "-"]
[White "dsplit"]
[Black "mmccaffe"]
[Result "0-1"]
[WhiteCountry "NED"]
[BlackCountry "USA"]
[WhiteElo "1775"]
[WhiteRD "64"]
[BlackElo "1771"]
[BlackRD "52"]
[GameID "279712"]

1. d4 Nf6 2. c4 g6 3. Nc3 Bg7 4. e4 d6 5. f3 O-O 6. Be3 Nbd7 7. Qd2 c6 8. Nge2 Qc7 9. Nc1 b6 10. Nd3 Bb7
11. g4 e5 12. d5 c5 13. Nb5 Qb8 14. h4 a6 15. Nc3 b5 16. b3 b4 17. Ne2 a5 18. h5 gxh5 19. g5 Ne8 20. Rxh5 f5
21. Bh3 fxe4 22. fxe4 a4 23. Bxd7 axb3 24. Be6+ Kh8 25. Bf5 Qa7 26. Rxh7+ Kg8 27. Rxg7+ Kxg7 28. Nec1 bxa2 29. Rxa2 Qb8 30. Rxa8 Qxa8
31. Nxc5 dxc5 32. Bxc5 Rh8 33. Qg2 Qa5 34. Be7 b3+ 35. Kd1 Qa1 36. Bf6+ Kf7 37. Be6+ Kf8 38. Bxh8 Qd4+ 39. Qd2= Qg1+ 40. Ke2 Qg2+
41. Kd1 Qf1+
0-1

[Event "BERLIN CUP 2011"]
[Site "SchemingMind.com"]
[Date "2011.04.06"]
[Round "-"]
[White "emvarela"]
[Black "mmccaffe"]
[Result "0-1"]
[WhiteCountry "ARG"]
[BlackCountry "USA"]
[WhiteElo "1785"]
[WhiteRD "50"]
[BlackElo "1771"]
[BlackRD "52"]
[GameID "279713"]

1. e4 c5 2. Nf3 d6 3. d4 cxd4 4. Nxd4 Nf6 5. Nc3 a6 6. Be3 e5 7. Nb3 Be7 8. f3 O-O 9. Qd2 Be6 10. O-O-O Nc6
11. g4 b5 12. Nd5 Rc8 13. Nxe7+ Nxe7 14. Qxd6 Bxb3 15. axb3 Qa5 16. Qxe7 Qa1+ 17. Kd2 Rfd8+ 18. Bd3 Qxb2 19. Bc5 Rd7 20. Ba3 Qc3+
0-1

[Event "BERLIN CUP 2011"]
[Site "SchemingMind.com"]
[Date "2011.04.06"]
[Round "-"]
[White "Olli Ylönen"]
[Black "mmccaffe"]
[Result "1-0"]
[WhiteCountry "FIN"]
[BlackCountry "USA"]
[WhiteElo "1691"]
[WhiteRD "53"]
[BlackElo "1771"]
[BlackRD "52"]
[GameID "279714"]

1. e4 c5 2. Nf3 d6 3. d4 cxd4 4. Nxd4 Nf6 5. Nc3 a6 6. Be2 e5 7. Nf3 Be7 8. O-O O-O 9. Bg5 Be6 10. Bxf6 Bxf6
11. Nd5 Bxd5 12. Qxd5 Nc6 13. Rfd1 Qb6 14. Qb3 Qxb3 15. axb3 Rac8 16. h3 Nb4 17. c3 Nc6 18. Rxd6
1-0

[Event "BERLIN CUP 2011"]
[Site "SchemingMind.com"]
[Date "2011.04.01"]
[Round "-"]
[White "DI DARIO"]
[Black "mmccaffe"]
[Result "0-1"]
[WhiteCountry "INT"]
[BlackCountry "USA"]
[WhiteElo "1649"]
[WhiteRD "48"]
[BlackElo "1803"]
[BlackRD "58"]
[GameID "279715"]

1. Nf3 Nf6 2. g3 g6 3. Bg2 Bg7 4. O-O O-O 5. d4 d6 6. h3 Nbd7 7. c4 c6 8. b4 c5 9. bxc5 dxc5 10. Bb2 cxd4
11. Qxd4 Qb6 12. Qxb6 Nxb6 13. Nbd2 Be6 14. Rac1 Rac8 15. c5 Na4 16. Bd4 Nd7 17. Ng5 Bxd4 18. Bxb7 Rb8 19. Bc6 Ndxc5 20. e3 Bb2
21. Rc2 Bxa2 22. Nge4 Nxe4 23. Nxe4 Bb3 24. Bxa4 Bxc2 25. Bxc2 Rfc8 26. Bd3 a5 27. Nd2 a4 28. Nc4 a3 29. Nxb2 axb2 30. Bb1 Rc1
31. f4 Rbc8
0-1

[Event "BERLIN CUP 2011"]
[Site "SchemingMind.com"]
[Date "2011.04.02"]
[Round "-"]
[White "SittingBull"]
[Black "dsplit"]
[Result "1-0"]
[WhiteCountry "CAN"]
[BlackCountry "NED"]
[WhiteElo "1908"]
[WhiteRD "64"]
[BlackElo "1793"]
[BlackRD "67"]
[GameID "279763"]

1. e4 c5 2. Nf3 Nc6 3. d4 cxd4 4. Nxd4 Nf6 5. Nc3 d6 6. Bg5 e6 7. f4 Be7 8. Qd2 h6 9. Bxf6 Bxf6 10. Nxc6 bxc6
11. O-O-O d5 12. exd5 cxd5 13. Bd3 O-O 14. h4 Bxh4 15. g4 g5 16. Qh2 f5 17. gxf5 exf5 18. fxg5 Bxg5+ 19. Kb1 Bb7 20. Rdg1 Kh7
21. Qh5 d4 22. Ne4 fxe4 23. Rxg5 Rf6 24. Bc4 Qc7 25. Bb3 Raf8 26. a3 e3 27. Rhg1 Bf3 28. Qh4 Rf4 29. Qh3 R4f6 30. Bg8+ Kh8
31. Rg6 Rxg6 32. Rxg6 h5 33. Bd5 Bd1 34. Rh6+ Kg7 35. Rc6 Qf4 36. Qd7+ Kh8 37. Rg6 Bxc2+ 38. Kxc2 Qf2+ 39. Kb1 Qf5+ 40. Qxf5 Rxf5
41. Bc4 Kh7 42. Rd6 Rf4 43. Bd3+ Kg7 44. Rg6+ Kf7 45. Rg2 h4 46. Kc1 Ke6 47. Kd1 Ke5 48. Ke2 Kf6= 49. b4 Ke5 50. a4 Kf6
51. b5 Ke5 52. a5 Kd6 53. a6 Kc7 54. Rg7+ Kb8 55. b6 axb6 56. a7+ Ka8 57. Bb5 Rf2+ 58. Ke1 Rf6 59. Rc7
1-0

[Event "BERLIN CUP 2011"]
[Site "SchemingMind.com"]
[Date "2011.04.02"]
[Round "-"]
[White "SittingBull"]
[Black "mmccaffe"]
[Result "0-1"]
[WhiteCountry "CAN"]
[BlackCountry "USA"]
[WhiteElo "1920"]
[WhiteRD "65"]
[BlackElo "1803"]
[BlackRD "58"]
[GameID "279764"]

1. e4 c5 2. Nf3 d6 3. d4 cxd4 4. Nxd4 Nf6 5. Nc3 a6 6. Bg5 e6 7. f4 Be7 8. Qf3 Nbd7 9. O-O-O Qc7 10. Bd3 b5
11. Rhe1 Bb7 12. Qg3 b4 13. Nd5 exd5 14. exd5 Kf8 15. Nf5 Re8 16. Nxg7 Ng8 17. Nxe8 Kxe8 18. Bxe7 Nxe7 19. Qh4 Qd8 20. Rxe7+ Qxe7
21. Re1 Ne5 22. Qxe7+ Kxe7 23. fxe5 Bxd5 24. exd6+ Kxd6 25. g3 a5 26. Be4 Re8
0-1

[Event "BERLIN CUP 2011"]
[Site "SchemingMind.com"]
[Date "2011.04.07"]
[Round "-"]
[White "SittingBull"]
[Black "emvarela"]
[Result "1/2-1/2"]
[WhiteCountry "CAN"]
[BlackCountry "ARG"]
[WhiteElo "1836"]
[WhiteRD "64"]
[BlackElo "1728"]
[BlackRD "46"]
[GameID "279765"]

1. e4 e5 2. Nf3 Nc6 3. Bb5 a6 4. Ba4 Nf6 5. Qe2 b5 6. Bb3 Bc5 7. O-O O-O 8. d3 Na5 9. Nxe5 Nxb3 10. axb3 d5
11. Be3 Bxe3 12. Qxe3 dxe4 13. dxe4 Bb7 14. f3 Qe7 15. Nd3 Nd7 16. b4 Rfd8 17. Nc3 Nb6 18. b3 Qf6 19. Nc5 Bc8 20. Rad1 Be6
21. Nxe6 Qxe6 22. Rd3 Qe7 23. Rfd1 Rxd3 24. Rxd3 Qxb4 25. Qg5 f6 26. Qd2 Qc5+ 27. Kf1 b4 28. Nd5 Nxd5 29. Rxd5 Qb6 30. Rd7 Qb5+
31. Qd3 Qxd3+= 32. cxd3 Rc8 33. Ke2 h5 34. d4 g6 35. Kd3 c5 36. Rd6 cxd4 37. Rxa6 Rc3+ 38. Kxd4 Kf7 39. Ra2 Rxb3 40. Kc4 Rb1
41. Rd2 Ke6 42. Kd4 g5 43. Kd3 f5 44. exf5+ Kxf5 45. Kc2 Rh1=
1/2-1/2

[Event "BERLIN CUP 2011"]
[Site "SchemingMind.com"]
[Date "2011.04.07"]
[Round "-"]
[White "SittingBull"]
[Black "Olli Ylönen"]
[Result "0-1"]
[WhiteCountry "CAN"]
[BlackCountry "FIN"]
[WhiteElo "1920"]
[WhiteRD "65"]
[BlackElo "1607"]
[BlackRD "51"]
[GameID "279766"]

1. e4 c5 2. Nf3 d6 3. d4 cxd4 4. Nxd4 Nf6 5. Nc3 a6 6. Bg5 e6 7. f4 Be7 8. Qf3 Qc7 9. O-O-O Nbd7 10. Bd3 h6
11. Bh4 g5 12. fxg5 Ne5 13. Qe2 Nfg4 14. h3 hxg5 15. Bg3 Nf6 16. Nf3 Nh5 17. Bh2 Bd7 18. Nxe5 dxe5 19. Qf3 Nf4 20. Bxf4 exf4
21. Rhe1 e5 22. Nd5 Qa5 23. Kb1 Be6 24. Bc4 b5 25. Bb3 Rd8 26. Nxe7 Bxb3 27. Nc6 Qxa2+
0-1

[Event "BERLIN CUP 2011"]
[Site "SchemingMind.com"]
[Date "2011.04.02"]
[Round "-"]
[White "SittingBull"]
[Black "DI DARIO"]
[Result "1-0"]
[WhiteCountry "CAN"]
[BlackCountry "INT"]
[WhiteElo "1920"]
[WhiteRD "65"]
[BlackElo "1649"]
[BlackRD "48"]
[GameID "279767"]

1. e4 e5 2. Nf3 Nf6 3. Nxe5 d6 4. Nf3 Nxe4 5. d4 d5 6. c4 b6 7. Bd3 Bf5 8. O-O Bd6 9. Nc3 Nxc3 10. bxc3 Bg4
11. Re1+ Be7 12. cxd5 Nd7 13. Ba3 c5 14. dxc6 Be6 15. Bxe7 Qxe7 16. cxd7+ Qxd7 17. Ng5 h6 18. Nxe6 fxe6 19. Qe2 O-O 20. Qxe6+ Qxe6
21. Rxe6 Rac8 22. c4 Rfd8 23. d5 Kf7 24. Rae1 a6 25. Re7+ Kg8 26. Bg6 Kf8 27. d6 b5 28. d7
1-0

[Event "BERLIN CUP 2011"]
[Site "SchemingMind.com"]
[Date "2011.04.02"]
[Round "-"]
[White "dsplit"]
[Black "SittingBull"]
[Result "1-0"]
[WhiteCountry "NED"]
[BlackCountry "CAN"]
[WhiteElo "1793"]
[WhiteRD "67"]
[BlackElo "1908"]
[BlackRD "64"]
[GameID "279768"]

1. d4 Nf6 2. c4 g6 3. Nc3 Bg7 4. e4 d6 5. f3 O-O 6. Be3 Nc6 7. Qd2 a6 8. O-O-O Rb8 9. Nge2 b5 10. cxb5 axb5
11. Nf4 b4 12. Nb1 e5 13. dxe5 Nxe5 14. b3 Bd7 15. Nd3 Qe8 16. Nxe5 Qxe5 17. Bd4 Qa5 18. a4 Rfc8 19. Qb2 Bh6+ 20. Nd2 Nxe4
21. fxe4 c5 22. Bf6 d5 23. Kb1 c4 24. bxc4 Bxd2 25. Qxd2 Rb6 26. Qxd5 Qxa4 27. Qxd7 Qb3+ 28. Bb2 Rbb8 29. Qd4 Kf8 30. Qg7+ Ke8
31. Qe5+ Kf8 32. Rd7
1-0

[Event "BERLIN CUP 2011"]
[Site "SchemingMind.com"]
[Date "2011.04.02"]
[Round "-"]
[White "mmccaffe"]
[Black "SittingBull"]
[Result "0-1"]
[WhiteCountry "USA"]
[BlackCountry "CAN"]
[WhiteElo "1803"]
[WhiteRD "58"]
[BlackElo "1920"]
[BlackRD "65"]
[GameID "279769"]

1. e4 c5 2. Nf3 d6 3. d4 cxd4 4. Nxd4 Nf6 5. Nc3 g6 6. Be2 Bg7 7. Be3 O-O 8. Qd2 Nc6 9. f3 Bd7 10. O-O-O Rc8
11. g4 Ne5 12. h4 h5 13. gxh5 Nxh5 14. Rdg1 b5 15. f4 Nc4 16. Bxc4 Rxc4 17. f5 Kh7 18. Qg2 Qe8 19. fxg6+ fxg6 20. Nf3 e6
21. Ng5+ Kg8 22. Nh3 d5 23. exd5 exd5 24. Qxd5+ Kh8 25. Bxa7 Bc6 26. Qg5 Bxh1 27. Nxb5 Be4 28. c3 Qd7 29. Rd1 Rf1 30. Rxf1 Qd3
31. Rf8+ Bxf8 32. Qe5+ Ng7 33. Na3 Bf3 34. Nf2 Qf1+ 35. Kc2 Bxa3 36. bxa3 Qe2+ 37. Qxe2 Bxe2 38. Bd4 Kg8 39. Bxg7 Kxg7 40. Kb3 Rf4
41. Nh3 Rxh4 42. Ng5 Bc4+ 43. Kb4 Bxa2+ 44. Kb5 Rh5
0-1

[Event "BERLIN CUP 2011"]
[Site "SchemingMind.com"]
[Date "2011.04.07"]
[Round "-"]
[White "emvarela"]
[Black "SittingBull"]
[Result "1/2-1/2"]
[WhiteCountry "ARG"]
[BlackCountry "CAN"]
[WhiteElo "1785"]
[WhiteRD "50"]
[BlackElo "1916"]
[BlackRD "63"]
[GameID "279770"]

1. e4 c5 2. Nf3 d6 3. d4 cxd4 4. Nxd4 Nf6 5. Nc3 g6 6. Be3 Bg7 7. f3 Nc6 8. Qd2 Bd7 9. O-O-O h5 10. Bc4 O-O
11. h4 Rb8 12. Nxc6 Bxc6 13. Nd5 Bxd5 14. Bxd5 Nxd5 15. Qxd5 Qd7 16. Bxa7 Ra8 17. Bd4 Qa4 18. Bxg7 Kxg7 19. a3 Kg8 20. Rd4 Qa7
21. g4 Rfc8 22. gxh5 Rc5 23. Qb3 Rxh5 24. Rd5 Rxd5 25. exd5 Kg7 26. Qc3+=
1/2-1/2

[Event "BERLIN CUP 2011"]
[Site "SchemingMind.com"]
[Date "2011.04.07"]
[Round "-"]
[White "Olli Ylönen"]
[Black "SittingBull"]
[Result "0-1"]
[WhiteCountry "FIN"]
[BlackCountry "CAN"]
[WhiteElo "1607"]
[WhiteRD "51"]
[BlackElo "1920"]
[BlackRD "65"]
[GameID "279771"]

1. e4 c5 2. c3 Nf6 3. e5 Nd5 4. Nf3 e6 5. d4 cxd4 6. cxd4 d6 7. Bc4 Nb6 8. Bd3 Nc6 9. O-O Be7 10. Nc3 O-O
11. Qe2 dxe5 12. dxe5 Nd4 13. Nxd4 Qxd4 14. Rd1 Qc5 15. Ne4 Qxe5 16. Re1 Bb4 17. Rd1 Bd7 18. Qg4 Nd5 19. Bh6 Rfc8 20. a3 Bf8
21. Re1 Nf6 22. Nxf6+ Qxf6 23. b4 Qxh6
0-1

[Event "BERLIN CUP 2011"]
[Site "SchemingMind.com"]
[Date "2011.04.02"]
[Round "-"]
[White "DI DARIO"]
[Black "SittingBull"]
[Result "0-1"]
[WhiteCountry "INT"]
[BlackCountry "CAN"]
[WhiteElo "1649"]
[WhiteRD "48"]
[BlackElo "1920"]
[BlackRD "65"]
[GameID "279772"]

1. Nf3 d5 2. e3 c5 3. Bb5+ Bd7 4. c4 Bxb5 5. cxb5 Nf6 6. O-O Nbd7 7. Qa4 e5 8. d3 Bd6 9. e4 d4 10. Bg5 O-O
11. Nh4 h6 12. Bxf6 Qxf6 13. g3 g6 14. Nd2 Qg7 15. Nc4 Bc7 16. Rac1 Nb6 17. Qd1 Nxc4 18. Rxc4 b6 19. Qg4 Kh7 20. b4 Bd6
21. bxc5 Bxc5 22. Qd7 f6 23. Qxg7+ Kxg7 24. f4 exf4 25. Rxf4 a6 26. bxa6 Rxa6 27. Rf2 Rfa8 28. Nf3 Rxa2 29. Nxd4 Rxf2 30. Kxf2 Ra2+
31. Kg1 Kf7 32. Kh1 Ra3 33. Nc6 Rxd3 34. Kg2 Rd2+ 35. Kh3 Rd6 36. Nb4 Rd4 37. Rxd4 Bxd4 38. Kg2 Ke6 39. Kf3 h5 40. Nc2 Ke5
41. Nb4 Bc3 42. Nd3+ Ke6 43. Nf4+ Kf7 44. Nd5 Bd4 45. Ke2 g5 46. Kf1 Ke6 47. Kg2 Ke5 48. Kf3 f5 49. Nxb6 Bxb6 50. exf5 Kxf5
51. Kg2 g4 52. h3 Bc7 53. Kh2 Ke4 54. Kg2 Ke3 55. Kh2 Kf3 56. hxg4 hxg4 57. Kg1 Kxg3
0-1